La psicoterapia de C. G. Jung
Сохранить в:
| Главный автор: | |
|---|---|
| Формат: | |
| Язык: | испанский |
| Опубликовано: |
Barcelona
Herder
1969
|
| Предметы: | |
| Метки: |
Добавить метку
Нет меток, Требуется 1-ая метка записи!
|
MARC
| LEADER | 00000nam a2200000 a 4500 | ||
|---|---|---|---|
| 001 | UCW6846 | ||
| 003 | CL-VaPUC | ||
| 005 | 20221121122325.0 | ||
| 008 | 920612e19690000SP |||||||||||||||||spa|d | ||
| 999 | |c 219767 |d 219765 | ||
| 040 | |c Pontificia Universidad Católica de Valparaíso | ||
| 082 | 0 | 4 | |a 615.851 |b HOC |2 21 |
| 100 | 0 | |a Hochheimer, Wolfgang |e author |9 311925 | |
| 245 | 1 | 3 | |a La psicoterapia de C. G. Jung |
| 260 | |a Barcelona |b Herder |c 1969 | ||
| 300 | |a 177 p | ||
| 583 | |a last modification |c 19920612 00:00:00 |k Rodrigo Vera | ||
| 600 | 0 | |a Jung, Carl Gustav, |d 1875-1961 |9 858599 | |
| 650 | 7 | |a PSICOTERAPIA |2 CL-VaPUC |9 311927 | |
| 852 | |a BIBCUR | ||
| 942 | |c BK |2 ddc | ||
| 945 | |d 19920612 00:00:00 | ||
| 952 | |0 0 |1 0 |4 0 |6 615_851000000000000_HOC_1969 |7 0 |8 P |9 211078 |a BIBEDU |b BIBEDU |c BIBEDU_PB |d 2019-11-15 |i 2793334 |o 615.851 HOC 1969 |p 2793334 |r 2019-11-15 |w 2019-11-15 |y BK |k EDU | ||